[Event "Niederbayernliga 0607"]
[Site "Germany"]
[Date "2007.??.??"]
[Round "8.4"]
[White "Muhr, Rudolf"]
[Black "Hartl, Manfred"]
[Result "1/2-1/2"]
[WhiteElo "1753"]
[BlackElo "1776"]
[PlyCount "133"]
[EventDate "2006.??.??"]
[EventType "team-tourn"]
[EventRounds "9"]
[EventCountry "GER"]
[SourceTitle "EXT 2008"]
[Source "ChessBase"]
[SourceDate "2007.11.25"]
[SourceVersion "1"]
[SourceVersionDate "2007.11.25"]
[SourceQuality "1"]
[WhiteTeam "Kauflanden"]
[BlackTeam "Grafenau"]
[WhiteTeamCountry "GER"]
[BlackTeamCountry "GER"]

1. e4 e5 2. Nf3 Nc6 3. Bb5 a6 4. Ba4 b5 5. Bb3 Be7 6. 0-0 Nf6 7. Re1 0-0 8. c3 d6 9. h3 Bb7 10. d4 Nd7 11. Nbd2 Bf6 12. Nf1 Ne7 13. N1h2 Ng6 14. Ng4 h6 15. a3 Re8 16. Qc2 c5 17. dxc5 Nxc5 18. Ba2 h5 19. Nxf6+ gxf6 20. Bd2 Kg7 21. Rad1 Qc7 22. c4 Rac8 23. cxb5 axb5 24. Rc1 Qd7 25. Bc3 Red8 26. Rcd1 Qc7 27. Bd5 Bxd5 28. Rxd5 Na4 29. Re3 Qb6 30. Ne1 Nf4 31. Rg3+ Ng6 32. Qd2 Nc5 33. Ba5 Qc6 34. Bxd8 Rxd8 35. f3 Ne6 36. Qc2 Qb6+ 37. Qf2 Qc6 38. Nd3 Nc7 39. Nb4 Qc1+ 40. Qf1 Qxf1+ 41. Kxf1 Nxd5 42. Nxd5 Rc8 43. f4 exf4 44. Rc3 Re8 45. Rb3 Rxe4 46. Rxb5 Ne5 47. Rb4 Nc4 48. Kf2 Rd4 49. b3 Rxd5 50. Rxc4 Rd2+ 51. Kg1 f3 52. gxf3 d5 53. Rb4 d4 54. a4 Rb2 55. Rxd4 Rxb3 56. Kg2 Ra3 57. Kg3 Kg6 58. h4 f5 59. Rd6+ f6 60. Ra6 Rb3 61. Ra8 Rb4 62. a5 Ra4 63. a6 f4+ 64. Kh3 Ra2 65. a7 Kg7 66. Rc8 Rxa7 67. Rc4 1/2-1/2

[Event "Niederbayernliga 0607"]
[Site "Germany"]
[Date "2006.??.??"]
[Round "2.4"]
[White "Ott, Anton"]
[Black "Muhr, Rudolf"]
[Result "1/2-1/2"]
[WhiteElo "1810"]
[BlackElo "1753"]
[PlyCount "120"]
[EventDate "2006.??.??"]
[EventType "team-tourn"]
[EventRounds "9"]
[EventCountry "GER"]
[SourceTitle "EXT 2008"]
[Source "ChessBase"]
[SourceDate "2007.11.25"]
[SourceVersion "1"]
[SourceVersionDate "2007.11.25"]
[SourceQuality "1"]
[WhiteTeam "Waldkirchen"]
[BlackTeam "Kauflanden"]
[WhiteTeamCountry "GER"]
[BlackTeamCountry "GER"]

1. e4 e6 2. d4 d5 3. Nd2 Nd7 4. Ngf3 dxe4 5. Nxe4 Ngf6 6. Nxf6+ Nxf6 7. Bd3 Be7 8. 0-0 0-0 9. c3 b6 10. Ng5 h6 11. Ne4 Bb7 12. Qe2 Nxe4 13. Bxe4 Bxe4 14. Qxe4 Bd6 15. f4 c5 16. Be3 Rc8 17. Rad1 Qc7 18. Rf3 cxd4 19. Bxd4 Bc5 20. Kf1 Bxd4 21. Rxd4 Rfd8 22. Rfd3 Rxd4 23. Qxd4 g6 24. Kf2 Qc5 25. Qxc5 Rxc5 26. Rd7 a5 27. Ke3 Kg7 28. Rd6 b5 29. Kd3 Kf6 30. Rd4 g5 31. b4 axb4 32. Rxb4 Kf5 33. fxg5 Kxg5 34. c4 bxc4+ 35. Rxc4 Ra5 36. a4 f5 37. Kc3 e5 38. Kb4 Ra8 39. Rc2 e4 40. Ra2 f4 41. a5 e3 42. Kc3 Kg4 43. Kd3 Ra6 44. Ra4 Rd6+ 45. Ke2 Kg5 46. Ra2 Ra6 47. Kf3 Kf5 48. Ra4 Kg5 49. Ra2 Kf5 50. g3 fxg3 51. hxg3 Re6 52. Ke2 Kg4 53. a6 Re8 54. Ra3 Ra8 55. Kxe3 Kxg3 56. Kd4+ Kg2 57. Kc5 h5 58. Kb6 h4 59. Kb7 Rxa6 60. Rxa6 h3 1/2-1/2